México 68 Programa Cultural de la XIX Olimpiada : Guía de exposiciones septiembre /
Catálogo de las exposiciones de septiembre que formaron parte del Programa Cultural de los Juegos Olímpicos México 68, en la sección Exposición de Obras Selectas del Arte Mundial. De cada sede participante se menciona autor, título, medidas y técnica de las obras exhibidas.
Gardado en:
| Autores corporativos: | , , |
|---|---|
| Formato: | Procedimiento de la conferencia Libro |
| Idioma: | Lingua castelá |
| Temas: | |
| Etiquetas: |
Sen Etiquetas, Sexa o primeiro en etiquetar este rexistro!
|
MARC
| LEADER | 00000nam^a2200000^a^4500 | ||
|---|---|---|---|
| 001 | 000185909 | ||
| 005 | 20250526000000.0 | ||
| 009 | 20260310102209 | ||
| 037 | |a Acervo ITESO - Biblioteca | ||
| 041 | |a ESP | ||
| 082 | |a 796. 48 |b JUE 1968 MUN GEN V. 4 | ||
| 111 | |a Juegos Olímpicos ( |n 19° : |d 1968 : |c México) | ||
| 240 | 1 | 1 | |a [Programa cultural de los juegos de la XIX Olimpiada] |
| 240 | 1 | 1 | |a [Exposición de Obras Selectas del Arte Mundial] |
| 245 | 1 | 0 | |a México 68 Programa Cultural de la XIX Olimpiada : |b Guía de exposiciones septiembre / |c Comité Olímpico Mexicano. |
| 264 | |a México : |b Comité Olímpico Mexicano, |c 1968 | ||
| 300 | |a 93 p. ; |c 18.0 cm. | ||
| 336 | |a texto |b txt |2 rdacontenido | ||
| 337 | |a sin mediación |b n |2 rdamedio | ||
| 338 | |a volumen |b nc |2 rdasoporte | ||
| 520 | |a Catálogo de las exposiciones de septiembre que formaron parte del Programa Cultural de los Juegos Olímpicos México 68, en la sección Exposición de Obras Selectas del Arte Mundial. De cada sede participante se menciona autor, título, medidas y técnica de las obras exhibidas. | ||
| 649 | |a XX | ||
| 650 | |a Juegos Olímpicos - |z México - |x Historia - |y 1964-1970 - |x Tema Principal | ||
| 650 | |a Juegos Olímpicos - |x Historia | ||
| 650 | |a Pintura - |z México (Ciudad) - |x Exposiciones | ||
| 650 | |a Pintura - |z México - |x Exposiciones | ||
| 650 | |a Escultura - |z México (Ciudad) - |x Exposiciones | ||
| 650 | |a Escultura - |z México - |x Exposiciones | ||
| 650 | |a Dibujo - |z México (Ciudad) - |x Exposiciones | ||
| 650 | |a Dibujo - |z México - |x Exposiciones | ||
| 650 | |a Fotografía - |z México (Ciudad) - |x Exposiciones | ||
| 650 | |a Fotografía - |z México - |x Exposiciones | ||
| 650 | |a Arte - |z México (Ciudad) - |x Exposiciones - |x Tema Principal | ||
| 650 | |a Arte - |z México - |x Exposiciones | ||
| 650 | |a Museos y Galerías - |z México (Ciudad) - |x Exposiciones | ||
| 650 | |a Museos y Galerías - |z México - |x Exposiciones | ||
| 650 | |a Cultura - |z México - |x Historia - |y 1964-1970 | ||
| 710 | |a Comité Olímpico Mexicano | ||
| 710 | |a Comité Olímpico Internacional | ||
| 910 | |a Fondo Julio de la Peña Lomelín | ||
| 920 | |a Impresos - Libros | ||
| 930 | |a Libros Antiguos y Raros | ||
| 940 | |a Arquitectos Jaliscienses | ||
| 905 | |a 108 | ||
| 901 | |a 0500127579 |b IT2 |c LRA |u 20250526 | ||
| 902 | |a https://opac.biblio.iteso.mx/vufind/Record/000185909 | ||